02703nam a2200565Ia 45000010005000000080041000050100009000460410014000550820014000692450127000832600018002103000007002285200007002356300024002426300016002666300019002826300027003016300022003286500027003506900014003777000045003917000052004367000050004889010111005389020006006499030053006559040018007089050027007269060006007539070014007599080014007739090051007879100015008389110010008539120014008639130009008779140024008869150019009109160009009299170009009389180014009479190034009615201083009959210007020789220007020859230006020929240014020989420010021129990015021224093241029s9999 xx 000 0 und d a3843 aEspañol aNO APLICA 0aImpacto del telecentro educativo comunitario El Limón, Distrito Educativo 03-03, San José de Ocoa, Período 2006-2013 aSanto Domingo a89 a49 aComunidad Educativa aEducación aImpacto Social aTecnología Educativa aTrabajo en Equipo aTecnología Educativa aElaborado easesoraViloria Santos , Juan Francisco eautoraCastillo Rodríguez , Fernando Antonio eautoraAlcántara Peguero , Sonia Esmeralda a{"1":"Castillo Rodríguez ","2":"Alcántara Peguero "}b{"1":" Fernando Antonio","2":" Sonia Esmeralda"} a1 a{"1":"Viloria Santos "}b{"1":" Juan Francisco"} aMaestría en aTecnología Educativa a2 aNO APLICA aNO APLICA aUniversidad Autónoma de Santo Domingo (UASD) aNULLbNULL a["1"] aNO APLICA aNULL a01 de Enero de 2013 a19/07/15 01:07 aNULL aNULL aNO APLICA a["45","72","304","191","193"] aEl trabajo se realizó sobre el impacto del Telecentro Educativo Comunitario El Limón, Distrito Educativo 03-03, provincia San José de Ocoa, periodo 2006-2013.  Se tomó en cuenta los objetivos y su nivel de cumplimiento, arrojado como resultado del impacto causado por el uso de las Tecnologías de la Información y  la Comunicación, tomándose como muestra el 100% de la población estudiantil, el 100% de los docentes, el coordinador general y el  total de los asesores.Entre las principales conclusiones se destacó, que uno de los grandes beneficios alcanzados por la comunidad fue: dar a conocer a nivel nacional e internacional y se rompió el aislamiento que existía en la misma y que hoy los coloca en una de las localidades más actualizadas en cuanto al uso de las Tecnologías de la Información y la Comunicación (Tics).El estudio recomendó, que se haga el nombramiento de técnicos o licenciados en Informática, los cuales puedan encargarse de darle continuidad y sostenibilidad al Telecentro, ya que los que hay son voluntarios.    a12 a12 a0 aNO APLICA cTesis c3843d3843